Porada riadiacich pracovníkov

Bibliographic Details
Main Author: M.Ch (Author)
Format: Article
Language:Slovak
Subjects:

MARC

LEADER 00000nab a2200000 a 4500
001 vtls000374832
003 SK-MaSNL
005 20260304213117.0
008 230217c1990 xo 0 slo
015 |a SNBRB19rr/mm-uuuuu 
035 |a CL0374954 
035 |a urn:nbn:sk:snk-abbk9f 
035 |a (urnnbn)urn:nbn:sk:snk:ar-001a9t 
035 |a (uuid)c53dcf59-f86f-4447-bae0-9d960930a3d0 
040 |a SNKBUCL  |b slo  |c SNKBUCL  |e AACR2 
041 0 |a slo 
044 |a xo  |c SK 
080 |a 027.5(437.6):061.3  |2 1981 
080 |a 061.3  |2 1981 
080 |a 021  |2 1981 
080 |a 31  |2 1981 
100 1 |a M.Ch.  |4 aut  |9 921833 
245 1 0 |a Porada riadiacich pracovníkov  |c M.Ch. 
650 0 7 |a ľudové knižnice  |2 snkbucl  |9 256791 
650 0 7 |a štatistika knižničná  |2 snkbucl  |9 693220 
655 7 |a články z novín a časopisov  |2 snkbucl  |9 267496 
773 0 |t Čitateľ  |g Roč. 39, č. 3 (1990), s. 101 
850 |a Slovenská národná knižnica v Martine  |a MTA001 
852 |a SNK  |b KIS3GCP 
954 |a odborná, vedecká literatúra pôvodná (slovenská)  |2 lita 
957 |a 5100 
958 |a OND 
958 |a RK 
958 |a KL 
958 |a EUIPO 
958 |a article15 
992 |a RBX 
999 |c 3134387  |d 3136317